| 000 | 00803 a2200217 4500 | ||
|---|---|---|---|
| 003 | UA-OsUOA | ||
| 005 | 20260429124747.0 | ||
| 008 | 260429b un ||||| |||| 00| 0 ukr d | ||
| 040 |
_aUA-OsUOA _bukr _cUA-OsUOA _dUA-OsUOA |
||
| 041 | _aukr | ||
| 080 | _a82-31 | ||
| 090 |
_a82-31 _bВ68 |
||
| 100 |
_aВолодимир Р. _925125 |
||
| 245 |
_aАндрій Первозванний _bісторична повість _cР. Володимир |
||
| 260 |
_bВидавництво Юліана Середяка _c1984 _aБуенос-Айрес |
||
| 300 | _a263 с. | ||
| 650 |
_2UDC _a82 Література. Літературознавство _915 |
||
| 942 |
_cBK _2udc |
||
| 955 | _a3 | ||
| 999 |
_c580614 _d580614 |
||